Roads to nowhere how corruption in public investment hurts growth

Gespeichert in:
Bibliographische Detailangaben
1. Verfasser: Tanzi, Vito
Weitere Verfasser: Davoodi, Hamid
Format: Buch
Sprache:Englisch
Veröffentlicht: Washington International Monetary Fund 1998
Schriftenreihe:Economic issues 12
Schlagworte:
Tags: Tag hinzufügen
Keine Tags, Fügen Sie das erste Tag hinzu!

MARC

LEADER 00000nam a2200000 4500
001 c100880
005 20221109071753.9
020 |a 1-55775-710-0 
022 |a 1020-5098 
041 0 |a eng 
044 |a US 
245 1 0 |a Roads to nowhere  |b how corruption in public investment hurts growth  |c Vito Tanzi, Hamid Davoodi 
264 1 |a Washington  |b International Monetary Fund  |c 1998 
300 |a 12 s. 
490 1 |a Economic issues  |v 12 
830 0 |a Economic issues  |v 12 
610 2 0 |a investície 
610 2 0 |a projekty investičné 
610 2 0 |a investície verejné 
610 2 0 |a korupcia 
610 2 0 |a rast hospodársky 
100 1 |a Tanzi, Vito 
700 1 |a Davoodi, Hamid